| 000 | 01010nam a2200205Ii 4500 | ||
|---|---|---|---|
| 003 | JO-AjNU | ||
| 008 | 230605s9999||||xx |||||||||||||| ||und|| | ||
| 017 | _a2010/660 | ||
| 040 |
_aJO-AjNU _bara _erda _cJO-AjNU |
||
| 041 | _aara | ||
| 050 | 1 | 4 | _aDS125.3.A2.H3588 2010 |
| 100 | 3 |
_aحمادة، محمد عمر, _eauthor _950479 |
|
| 245 | 0 | 0 | _aموسوعة أعلام فلسطين : من القرن (الأول حتى الخامس عشر) هجري ، من القرن (السابع حتى القرن الحادي والعشرين ) ميلادي، الجزء الاول |
| 264 | 3 | 1 | _aعمان: وزارة الثقافة، 2010 |
| 300 |
_aج1، 402ص _bالمصادر والمراجع ص 347-354 ؛ فهرس اسماء الاعلام ص 355-377 ؛ فهرس القاب الاعلام ص378-402 |
||
| 336 |
_atext _btxt _2rdacontent |
||
| 337 |
_aunmediated _bn _2rdamedia |
||
| 338 |
_avolume _bnc _2rdacarrier |
||
| 650 | 4 |
_aادباء عرب- فلسطين- تراجم- معاجم- دوائر معارف _950480 |
|
| 999 |
_aA22239 _c25807 _d25807 |
||